The reconstruction and refurbishment of Headquarters (Record no. 74487)

MARC details
000 -LEADER
fixed length control field 00773cam a2200193 4500
001 - CONTROL NUMBER
control field X127000
008 - FIXED-LENGTH DATA ELEMENTS--GENERAL INFORMATION
fixed length control field 040803n1976 000 0 eng u
035 ## - SYSTEM CONTROL NUMBER
System control number (Sirsi) u127000
245 #4 - TITLE STATEMENT
Title The reconstruction and refurbishment of Headquarters
260 ## - PUBLICATION, DISTRIBUTION, ETC.
Date of publication, distribution, etc. 1976
490 ## - SERIES STATEMENT
Series statement Chartered Surveyor
Volume/sequential designation April 1976, 207-211(5)
520 ## - SUMMARY, ETC.
Summary, etc. Describes plans for the partial reconstruction and extension of 11 and the refurbishment of 12 Great George Street in 1976. Explains the background to the remodelling and rebuilding program, with details of the project team and and approximate estimate of costs. Diagrams.
590 ## - LOCAL NOTE (RLIN)
Local note GGS
650 ## - SUBJECT ADDED ENTRY--TOPICAL TERM
Topical term or geographic name entry element 11 GREAT GEORGE STREET
650 ## - SUBJECT ADDED ENTRY--TOPICAL TERM
Topical term or geographic name entry element 12 GREAT GEORGE STREET
650 ## - SUBJECT ADDED ENTRY--TOPICAL TERM
Topical term or geographic name entry element ROLFE JUDD GROUP
690 ## - LOCAL SUBJECT ADDED ENTRY--TOPICAL TERM (OCLC, RLIN)
Topical term or geographic name as entry element RICS NEWS
942 ## - ADDED ENTRY ELEMENTS (KOHA)
Suppress in OPAC 0
Holdings
Withdrawn status Lost status Source of classification or shelving scheme Damaged status Not for loan Home library Current library Shelving location Date acquired Total Checkouts Full call number Barcode Date last seen Copy number Price effective from Koha item type
    Dewey Decimal Classification     London London Journal article 03/08/2004   X127000 127000-1001 06/08/2019 1 06/08/2019 Journal article